Latin: Unit 10 - Common Latin Verbs Quiz Stats

 Plays Quiz not verified by Sporcle

Also try: Italian Verbs
Challenge
Share
Tweet
Embed
Score 0/62 Timer 10:00
0 Plays Today
English definition(s) Latin verb % Correct
love, likeamo
95.3%
walkambulo
92.2%
singcanto
81.4%
shoutclamo
81.4%
runcurro
77.5%
inviteinvito
74.4%
flyvolo
73.6%
want, wishvolo
73.6%
climb, go upascendo
72.1%
writescribo
72.1%
live, dwellhabito
71.3%
worklaboro
71.3%
praiselaudo
70.5%
givedo
69.8%
seevideo
66.7%
sendmitto
65.9%
approachappropinquo
64.3%
defenddefendo
64.3%
climb down, go downdescendo
64.3%
swimnato
63.6%
be, existsum
61.2%
fightpugno
60.5%
killneco
59.7%
watch, look atspecto
59.7%
hear, listen toaudio
58.1%
movemoveo
55.8%
drag out, pull outextraho
55.8%
have, holdhabeo
53.5%
flee, fly, fun awayfugio
53.5%
rise, get upsurgo
52.7%
do, makefacio
52.7%
English definition(s) Latin verb % Correct
comevenio
50.4%
be unwilling, to NOT wantnolo
50.4%
tell, relatenarro
49.6%
carry, bringporto
49.6%
be ablepossum
49.6%
point out, showdemonstro
48.8%
take hold, seize, capturecapio
48.8%
goeo
48.1%
laugh (at), ridiculerideo
47.3%
fear, be afraidtimeo
46.5%
staymaneo
45.7%
put, placepono
45.7%
believe, trustcredo
45%
receive, accept, takeaccipio
44.2%
escapeeffugio
44.2%
knowscio
44.2%
desire, wishcupio
43.4%
carry, bring, bearfero
43.4%
look out for, awaitexspecto
42.6%
answerrespondeo
40.3%
save, protectservo
39.5%
come to, arrive at, reachadvenio
39.5%
owe, ought, shoulddebeo
38.8%
hold, possessteneo
38.8%
wear, bear, carrygero
38.8%
test, trytempto
37.2%
it is raining (IMPERS)pluit
37.2%
go back, returnredeo
36.4%
leave behind, abandonrelinquo
35.7%
have no hope, give updespero
34.9%
seek, head for, aim atpeto
32.6%

You're not logged in!

Compare scores with friends on all Sporcle quizzes.
Join for Free
OR
Log In

You Might Also Like...

Show Comments

Extras

Top Quizzes Today


Score Distribution

Your Account Isn't Verified!

In order to create a playlist on Sporcle, you need to verify the email address you used during registration. Go to your Sporcle Settings to finish the process.

Report this User

Report this user for behavior that violates our Community Guidelines.

Details: